ARRUPE JESUIT UNIVERSITY

CORONAVIRUS -STOP THE SPREAD - CLEAN,DISINFECT,COVER

Krishna, the playful divine / (Record no. 118446)

MARC details
000 -LEADER
fixed length control field 00857nam a2200265 a 4500
001 - CONTROL NUMBER
control field 649592
003 - CONTROL NUMBER IDENTIFIER
control field ARRUPE
005 - DATE AND TIME OF LATEST TRANSACTION
control field 20131023174843.0
008 - FIXED-LENGTH DATA ELEMENTS--GENERAL INFORMATION
fixed length control field 940303s1993 ii b 001 0 eng
010 ## - LIBRARY OF CONGRESS CONTROL NUMBER
LC control number 93910418
020 ## - INTERNATIONAL STANDARD BOOK NUMBER
International Standard Book Number 0670855189 :
Terms of availability Rs250.00
025 ## - OVERSEAS ACQUISITION NUMBER
Overseas acquisition number I-E-73038
040 ## - CATALOGING SOURCE
Original cataloging agency DLC
Transcribing agency DLC
042 ## - AUTHENTICATION CODE
Authentication code lcode
050 00 - LIBRARY OF CONGRESS CALL NUMBER
Classification number BL1220
Item number .V38 1993
300 ## - PHYSICAL DESCRIPTION
Other physical details ill. ;
Dimensions 21 cm.
100 1# - MAIN ENTRY--PERSONAL NAME
Personal name Varma, Pavan K.,
Titles and other words associated with a name 1953-
9 (RLIN) 2936
245 10 - TITLE STATEMENT
Title Krishna, the playful divine /
Statement of responsibility, etc Pavan K. Varma.
260 ## - PUBLICATION, DISTRIBUTION, ETC. (IMPRINT)
Place of publication, distribution, etc New Delhi, India :
-- New York, N.Y., U.S.A. :
Name of publisher, distributor, etc Viking,
Date of publication, distribution, etc 1993.
300 ## - PHYSICAL DESCRIPTION
Extent xi, 220 p., [32] p. of plates :
504 ## - BIBLIOGRAPHY, ETC. NOTE
Bibliography, etc Includes bibliographical references (p. [203]-214) and index.
650 #0 - SUBJECT ADDED ENTRY--TOPICAL TERM
Topical term or geographic name as entry element Krishna (Hindu deity)
9 (RLIN) 2937
906 ## - LOCAL DATA ELEMENT F, LDF (RLIN)
a 7
b cbc
c origode
d 2
e ncip
f 19
g y-gencatlg
942 ## - ADDED ENTRY ELEMENTS (KOHA)
Source of classification or shelving scheme Library of Congress Classification
Koha item type Monograph ( Printed materials)
Holdings
Withdrawn status Lost status Source of classification or shelving scheme Damaged status Not for loan Home library Current library Shelving location Date acquired Total Checkouts Full call number Barcode Date last seen Price effective from Koha item type
    Library of Congress Classification     ARRUPE LIBRARY ARRUPE LIBRARY Main Collection 23/10/2013   BL1220 .V38 1993 46410650 01/08/2016 23/10/2013 Monograph ( Printed materials)

 

Arrupe Library. PO Box MP320 Mt Pleasant, Harare, Zimbabwe
263 242 745411|librarian@aju.ac.zw